| 000 -ლიდერი |
| ფიქსირებული სიგრძის საკონტროლო ველი |
01370nam a22002297a 4500 |
| 003 - საკონტროლო ნომრის იდენტიფიკატორი |
| საკონტროლო ველი |
Ge_BSU |
| 005 - ბოლო ოპერაციის თარიღი და დრო |
| საკონტროლო ველი |
20240705160816.0 |
| 008 - ფიქსირებული სიგრძის მონაცემთა ელემენტები - ზოგადი ინფორმაცია |
| ფიქსირებული სიგრძის საკონტროლო ველი |
240705s2021 ge ||||| |||| 00| 0 geo d |
| 020 ## - წიგნის საერთაშორისო სტანდარტული ნომერი |
| International Standard Book Number |
9789941967467 |
| 041 ## - ენის კოდი |
| Language code of text/sound track or separate title |
geo |
| 080 ## - უნივერსალური ათობითი კლასიფიკაციის ინდექსი |
| Universal Decimal Classification number |
004.738.5+339.138 ც-74 |
| 100 ## - მთავარი ჩანაწერი - პიროვნების სახელი |
| Personal name |
ცისკარიშვილი, ოლიკო, ავტორი, შემდგენელი |
| 9 (RLIN) |
22739 |
| 245 ## - ცნობა სათაურის შესახებ |
| Title |
სოციალური მედია და მარკეტინგი / |
| Statement of responsibility, etc |
ავტორ-შემდგენელი ოლიკო ცისკარიშვილი ; რედ. ინგა გამსახურდიშვილი ; ყდის დიზაინი ირმა გაჩეჩილაძე. |
| 264 ## - წარმოების, გამოცემის, დისტრიბუციის და სხვა ცნობები |
| გამოცემის, წარმოების, დისტრიბუციის... ადგილი |
თბილისი : |
| გამოცემის, წარმოების, დისტრიბუციის... სახელწოდება |
ჩემი გამომცემლობა, |
| გამოცემის, წარმოების, დისტრიბუციის... თარიღი |
2021. |
| 300 ## - ფიზიკური აღწერა |
| Extent |
258 გვ. ; |
| Other physical details |
20 სმ. |
| 500 ## - ზოგადი შენიშვნა |
| General note |
ავტორი მითითებულია თავფურცლის მე-2 გვერდზე. |
| 653 ## - INDEX TERM--UNCONTROLLED |
| Uncontrolled term |
სოციალური მედია. |
| 653 ## - INDEX TERM--UNCONTROLLED |
| Uncontrolled term |
მარკეტინგი. |
| 700 ## - ADDED ENTRY--PERSONAL NAME |
| Personal name |
გამსახურდიშვილი, ინგა |
| Relator term |
რედაქტორი |
| 9 (RLIN) |
22740 |
| 700 ## - ADDED ENTRY--PERSONAL NAME |
| Personal name |
გაჩეჩილაძე, ირმა |
| Relator term |
ყდის დიზაინი |
| 9 (RLIN) |
22741 |
| 942 ## - ADDED ENTRY ELEMENTS (KOHA) |
| Source of classification or shelving scheme |
|
| Koha item type |
წიგნი |